Normal view
MARC view
- Varsha Ghavate - 2k181077 & Dr. Ashok Pawar - Guide
Entry Personal Name
001 - CONTROL NUMBER
- control field: 105101
003 - CONTROL NUMBER IDENTIFIER
- control field: OSt
005 - DATE AND TIME OF LATEST TRANSACTION
- control field: 20221007221541.0
008 - FIXED-LENGTH DATA ELEMENTS
- fixed length control field: 221007|| aca||aabn | a|a d
040 ## - CATALOGING SOURCE
- Original cataloging agency: OSt
- Transcribing agency: OSt
100 ## - HEADING--PERSONAL NAME
- Personal name: Varsha Ghavate - 2k181077 & Dr. Ashok Pawar - Guide
670 ## - SOURCE DATA FOUND
- Source citation: Work cat.: (OSt)80001: Varsha Ghavate - 2k181077 & Dr. Ashok Pawar - Guide, Digital Marketing Campaign Held To Increase Brand Awarence And Generate Leads, 2019